[Event "29. Friedensfest-Open (AFRO-A)"]
[Site "Augsburg"]
[Date "2024.08.09"]
[Round "3.20"]
[White "Nissen, Christoph"]
[Black "Vuong, Anh-Tu"]
[Result "1/2-1/2"]
[WhiteElo "1882"]
[BlackElo "2010"]
[EventDate "2024.08.08"]
[Time "09:30:00"]
[WhiteNrv "1882"]
[BlackNrv "2010"]
[WhiteTwz "1882"]
[BlackTwz "2010"]
[WhiteFideId "34614320"]
[BlackFideId "34658920"]
[WhiteNatFedId "10154652"]
[BlackNatFedId "10232351"]
[WhiteAttr "M"]
[BlackAttr "M"]
[WhiteTeam "SK Caissa Augsburg"]
[BlackTeam "TSV Landsberg 1882"]
[PlyCount "0"]

1.e4 c5 2.Nf3 d6 3.d4 cxd4 4.Nxd4 Nf6 5.Nc3 g6 6.f3 Bg7 7.Be3 O-O 8.Qd2 
Nc6 9.g4 Be6 10.Be2 Rc8 11.h4 Nxd4 12.Bxd4 Bc4 13.g5 Nh5 14.Bxg7 Nxg7 15.
Bxc4 Rxc4 16.O-O-O Qa5 17.Kb1 Rfc8 18.Nd5 Qxd2 19.Rxd2 Kf8 20.Rh3 Nh5 21.
c3 Ke8 22.Rhh2 R4c6 23.Rhg2 e6 24.Ne3 Ke7 25.Rd4 b5 26.a4 a6 27.Rgd2 Nf4 
28.axb5 axb5 29.Ng4 Nh5 30.Kc2 e5 31.Rb4 Rc5 32.Rd1 Ra8 33.Kb3 Ke6 34.Rd5 
Ra5 35.Ne3 Nf4 36.Rd1 Ra6 37.Rd2 Rb6 38.Kc2 Rb7 39.c4 Rbc7 40.b3 bxc4 41.
Rxc4 Rxc4+ 42.Nxc4 d5 43.exd5+ Nxd5 44.Re2 Nb4+ 45.Kc3 Nc6 46.f4 f6 47.
gxf6 Kxf6 48.fxe5+ Nxe5 49.Rxe5 Rxc4+ 50.Kxc4 Kxe5 51.Kc5 h6 52.b4 g5 53.
b5 Ke6 54.hxg5 hxg5 55.Kc6 g4 56.b6 g3 57.b7 g2 58.b8=Q 1/2-1/2

[Event "29. Friedensfest-Open (AFRO-A)"]
[Site "Augsburg"]
[Date "2024.08.09"]
[Round "3.22"]
[White "Luhn, Robert"]
[Black "Steinberger, Michael"]
[Result "1/2-1/2"]
[WhiteElo "1996"]
[BlackElo "1819"]
[EventDate "2024.08.08"]
[Time "09:30:00"]
[WhiteNrv "1996"]
[BlackNrv "1819"]
[WhiteTwz "1996"]
[BlackTwz "1819"]
[WhiteFideId "4683498"]
[BlackFideId "34622373"]
[WhiteNatFedId "10133213"]
[BlackNatFedId "10612014"]
[WhiteAttr "M"]
[BlackAttr "M"]
[WhiteTeam "SK Caissa Augsburg"]
[BlackTeam "SF Augsburg"]
[PlyCount "0"]

1.d4 Nf6 2.Nf3 e6 3.c4 d5 4.Nc3 c5 5.cxd5 exd5 6.Bg5 Be6 7.e3 Nc6 8.Be2 
Be7 9.dxc5 Bxc5 10.O-O O-O 11.Nb5 a6 12.Nbd4 Nxd4 13.Nxd4 Be7 14.Qb3 Qd7 
15.a4 h6 16.Bh4 Ne4 17.Bxe7 Qxe7 18.Rfd1 Rac8 19.f4 g6 20.a5 Nc5 21.Qa3 
Rfe8 22.Rac1 Bd7 23.Rc3 Ne6 24.Qxe7 Rxe7 25.Nf3 Rxc3 26.bxc3 Nxf4 27.Bxa6 
bxa6 28.exf4 Bb5 29.Nd4 Bc4 30.Kf2 Rc7 31.g4 Kf8 32.h4 Ke7 33.Rb1 Rc5 34.
Ke3 Kf8 35.f5 Kg7 36.fxg6 Kxg6 37.Rb6+ f6 38.h5+ Kf7 39.Rb7+ Kg8 40.Nf5 
Rxa5 41.Nxh6+ Kh8 42.g5 fxg5 43.Ng4 Rb5 44.Ra7 Rb6 45.Ne5 Re6 46.Kd4 g4 
47.Ra8+ Kg7 48.Ra7+ Kg8 1/2-1/2

[Event "29. Friedensfest-Open (AFRO-A)"]
[Site "Augsburg"]
[Date "2024.08.09"]
[Round "3.23"]
[White "Doll, Luca Fabio"]
[Black "Hahn, Christoph"]
[Result "1-0"]
[WhiteElo "1908"]
[BlackElo "2135"]
[EventDate "2024.08.08"]
[Time "09:30:00"]
[WhiteNrv "1908"]
[BlackNrv "2135"]
[WhiteTwz "1908"]
[BlackTwz "2135"]
[WhiteFideId "16282299"]
[BlackFideId "24609854"]
[WhiteNatFedId "10672379"]
[BlackNatFedId "10072242"]
[WhiteAttr "*"]
[BlackAttr "M"]
[WhiteTeam "TSV Langenau"]
[BlackTeam "SK Kriegshaber"]
[PlyCount "0"]

1.e4 c5 2.Nf3 e6 3.g3 b6 4.Bg2 Bb7 5.Nc3 d6 6.O-O Nf6 7.Re1 Be7 8.d4 cxd4 
9.Nxd4 a6 10.e5 Nd5 11.Bxd5 Bxd5 12.Nxd5 dxe5 13.Nxe7 exd4 14.Nf5 1-0

[Event "29. Friedensfest-Open (AFRO-A)"]
[Site "Augsburg"]
[Date "2024.08.09"]
[Round "3.24"]
[White "Brem, Stephan"]
[Black "Kelembet, Maksym"]
[Result "1-0"]
[WhiteElo "2043"]
[BlackElo "1864"]
[EventDate "2024.08.08"]
[Time "09:30:00"]
[WhiteNrv "2043"]
[BlackNrv "1864"]
[WhiteTwz "2043"]
[BlackTwz "1864"]
[WhiteFideId "4617266"]
[BlackFideId "34684735"]
[WhiteNatFedId "10024047"]
[BlackNatFedId "10828571"]
[WhiteAttr "*"]
[BlackAttr "M"]
[WhiteTeam "SK Muenchen Suedost e.V."]
[BlackTeam "SV Jedesheim 1921"]
[PlyCount "0"]

1.b3 e5 2.Bb2 Nc6 3.e3 Nf6 4.Nf3 e4 5.Nd4 Nxd4 6.Bxd4 Be7 7.d3 d5 8.Be2 
O-O 9.O-O Bf5 10.f3 exf3 11.Bxf3 Bg6 12.Nd2 c6 13.Qe2 Qc7 14.g3 Nd7 15.Bg2
Bc5 16.Nf3 Rae8 17.Qf2 Bxd4 18.exd4 Re7 19.Rae1 Rfe8 20.Rxe7 Rxe7 21.Bh3 
Bh5 22.g4 Bg6 23.Nh4 c5 24.Nxg6 hxg6 25.dxc5 Qxc5 26.Qxc5 Nxc5 27.Bg2 d4 
28.Bd5 Kf8 29.Rf2 b6 30.Kg2 g5 31.Kg3 f6 32.h4 Re3+ 33.Bf3 Ne6 34.hxg5 
fxg5 35.Rh2 Kg8 36.Rh5 g6 37.Rh1 Nf4 38.a4 a5 39.Rb1 Ne2+ 40.Kf2 Nf4 41.b4
axb4 42.Rxb4 Nh3+ 43.Kg2 Nf4+ 44.Kg3 Re1 45.Rxd4 Rg1+ 46.Kf2 Nh3+ 47.Ke2 
Nf4+ 48.Ke3 Re1+ 49.Kd2 Rf1 50.Rd8+ Kf7 51.Be4 Ke7 52.Rb8 Rf2+ 53.Kc1 Ne2+
54.Kb2 Nd4 55.Rxb6 Rxc2+ 56.Kb1 Rc5 57.Rb4 Ne2 58.Kb2 Kf6 59.Rc4 Rxc4 60.
dxc4 Ke5 61.a5 Kxe4 62.a6 Kf4 63.a7 Kxg4 64.a8=Q Nf4 65.Qe4 Kg3 66.c5 1-0

[Event "29. Friedensfest-Open (AFRO-A)"]
[Site "Augsburg"]
[Date "2024.08.09"]
[Round "3.25"]
[White "Blodig, Vincent"]
[Black "Komarov, Jan"]
[Result "1-0"]
[WhiteElo "2034"]
[BlackElo "1888"]
[EventDate "2024.08.08"]
[Time "09:30:00"]
[WhiteNrv "2034"]
[BlackNrv "1888"]
[WhiteTwz "2034"]
[BlackTwz "1888"]
[WhiteFideId "16297857"]
[BlackFideId "12959430"]
[WhiteNatFedId "10680650"]
[BlackNatFedId "10407248"]
[WhiteAttr "M"]
[BlackAttr "M"]
[WhiteTeam "SF Augsburg"]
[BlackTeam "SK Muenchen Suedost e.V."]
[PlyCount "0"]

1.e4 c5 2.Nf3 e6 3.d4 cxd4 4.Nxd4 a6 5.Bd3 Nf6 6.O-O Qc7 7.Bg5 Qe5 8.Nf3 
Qxb2 9.Nbd2 d5 10.exd5 exd5 11.c4 Be7 12.Re1 Qc3 13.Qe2 Be6 14.Rac1 Qa5 
15.Bxf6 Bxf6 16.Nb3 Qd8 17.cxd5 Qxd5 18.Bc4 Qd7 19.Nc5 Qe7 20.Bxe6 fxe6 
21.Nxe6 Kf7 22.Nfg5+ Kg6 23.Qd3+ Kh6 24.Qh3+ Kg6 25.Nf4+ Kxg5 26.Qh5+ Kxf4
27.g3# 1-0

[Event "29. Friedensfest-Open (AFRO-A)"]
[Site "Augsburg"]
[Date "2024.08.09"]
[Round "3.26"]
[White "Yaroshenko, Yaroslav"]
[Black "Mayer, Arnd"]
[Result "0-1"]
[WhiteElo "1899"]
[BlackElo "1952"]
[EventDate "2024.08.08"]
[Time "09:30:00"]
[WhiteNrv "1899"]
[BlackNrv "1952"]
[WhiteTwz "1899"]
[BlackTwz "1952"]
[WhiteFideId "16204905"]
[BlackFideId "4644573"]
[WhiteNatFedId "10277356"]
[BlackNatFedId "10138775"]
[WhiteAttr "M"]
[BlackAttr "*"]
[WhiteTeam "SK Graefelfing"]
[BlackTeam "SV Jedesheim 1921"]
[PlyCount "0"]

1.e4 c5 2.d4 cxd4 3.c3 dxc3 4.Nxc3 d6 5.Bc4 Nc6 6.Nf3 e6 7.O-O Be7 8.Qe2 
a6 9.Rd1 Qc7 10.Bf4 Ne5 11.Bxe5 dxe5 12.Rac1 Qb8 13.Bb5+ Kf8 14.Na4 Qa7 
15.Bd7 Bxd7 16.Rxd7 Nf6 17.Rdc7 Bd6 18.Rc8+ Ke7 19.Rxh8 Rxh8 20.b3 b5 21.
Nb2 Qb7 22.Nd3 Rc8 23.Nd2 Rxc1+ 24.Nxc1 Bb4 25.f3 Qb6+ 26.Kf1 Qd4 27.Nd3 
Ba5 28.g3 Qa1+ 29.Kg2 Qxa2 30.b4 Bc7 31.Qe3 Nd7 32.Kh3 f6 33.Nc5 Bb6 34.
Qc3 Nxc5 35.bxc5 Ba5 0-1

[Event "29. Friedensfest-Open (AFRO-A)"]
[Site "Augsburg"]
[Date "2024.08.09"]
[Round "3.27"]
[White "Dauer, Maximilian"]
[Black "Heilig, Tim Markus"]
[Result "1/2-1/2"]
[WhiteElo "1948"]
[BlackElo "1851"]
[EventDate "2024.08.08"]
[Time "09:30:00"]
[WhiteNrv "1948"]
[BlackNrv "1851"]
[WhiteTwz "1948"]
[BlackTwz "1851"]
[WhiteFideId "1270802"]
[BlackFideId "16295935"]
[WhiteNatFedId "10033526"]
[BlackNatFedId "10692999"]
[WhiteAttr "M"]
[BlackAttr "M"]
[WhiteTeam "Spgem Koetz/Ichenhausen"]
[BlackTeam "SF 1876 Goeppingen"]
[PlyCount "0"]

1.d4 a6 2.Bf4 Nf6 3.e3 d6 4.Nd2 g6 5.h3 Bg7 6.Ngf3 O-O 7.Be2 Nc6 8.O-O Re8
9.Bh2 e5 10.c3 Qe7 11.dxe5 dxe5 12.Nc4 Ne4 13.a4 Bf5 14.Qb3 Nc5 15.Qa3 
Rad8 16.Rfd1 Bf6 17.b4 Ne4 18.Rxd8 Qxd8 19.Rd1 Qe7 20.Qb3 Be6 21.Qc2 Nd6 
22.Nfd2 Rd8 23.e4 Bg7 24.Nxd6 cxd6 25.Bc4 d5 26.exd5 Bxd5 27.Bxd5 Rxd5 28.
Nf1 Qd7 29.Ne3 Rxd1+ 30.Qxd1 Qxd1+ 31.Nxd1 b5 32.axb5 axb5 33.Kf1 f5 34.
Ke2 Kf7 35.f3 Ke6 36.Bg1 Ne7 37.Kd3 Nd5 38.Be3 Bf8 39.Bd2 Nb6 1/2-1/2

[Event "29. Friedensfest-Open (AFRO-A)"]
[Site "Augsburg"]
[Date "2024.08.09"]
[Round "3.28"]
[White "Latka, Robert"]
[Black "Kuhn, Hubert"]
[Result "1/2-1/2"]
[WhiteElo "1837"]
[BlackElo "1946"]
[EventDate "2024.08.08"]
[Time "09:30:00"]
[WhiteNrv "1837"]
[BlackNrv "1946"]
[WhiteTwz "1837"]
[BlackTwz "1946"]
[WhiteFideId "24690074"]
[BlackFideId "16216385"]
[WhiteNatFedId "10124815"]
[BlackNatFedId "10120594"]
[WhiteAttr "M"]
[BlackAttr "M"]
[WhiteTeam "fuss brothers Jena"]
[BlackTeam "MSA Zugzwang 82 e.V."]
[PlyCount "0"]

1.e4 c5 2.Nf3 Nc6 3.d4 cxd4 4.Nxd4 e5 5.Nb5 d6 6.c4 g6 7.Bd3 a6 8.N5c3 Bg7
9.Nd5 Be6 10.Nbc3 Nf6 11.O-O Bxd5 12.exd5 Nd4 13.Bg5 h6 14.Be3 O-O 15.f4 
Nd7 16.f5 g5 17.h4 f6 18.Be4 Rc8 19.Bxd4 exd4 20.Qxd4 Ne5 21.b3 h5 22.Rae1
Qa5 23.Bb1 g4 24.Ne4 Qc7 25.Ng3 Qf7 26.Ne2 Bh6 27.Nf4 Bxf4 28.Qxf4 Kg7 29.
Rc1 Qc7 30.Qd4 Qc5 31.Rfd1 Rc7 32.Qxc5 Rxc5 33.Bd3 Rfc8 34.Be2 R5c7 35.Rc3
b5 36.Rdc1 b4 37.R3c2 Nd7 38.Re1 Re8 39.Kf1 Nc5 40.Bd1 Rxe1+ 41.Kxe1 Re7+ 
42.Re2 Re5 43.Bc2 Kf7 44.Kd2 Rxe2+ 1/2-1/2

[Event "29. Friedensfest-Open (AFRO-A)"]
[Site "Augsburg"]
[Date "2024.08.09"]
[Round "3.29"]
[White "Vranckx, Oscar"]
[Black "Schrimpf, Michael"]
[Result "1/2-1/2"]
[WhiteElo "1937"]
[BlackElo "1780"]
[EventDate "2024.08.08"]
[Time "09:30:00"]
[WhiteNrv "1937"]
[BlackNrv "1780"]
[WhiteTwz "1937"]
[BlackTwz "1780"]
[WhiteFideId "34608788"]
[BlackFideId "1676237"]
[WhiteNatFedId "10733103"]
[WhiteAttr "M"]
[BlackAttr "M"]
[WhiteTeam "Sfr.Mainz 1928"]
[BlackTeam "SF Augsburg"]
[PlyCount "0"]

1.e4 e6 2.d4 d5 3.Bd3 dxe4 4.Bxe4 Nf6 5.Bf3 c5 6.Ne2 Be7 7.Be3 Qc7 8.Nbc3 
cxd4 9.Nxd4 a6 10.O-O O-O 11.Qe2 Bd7 12.Rfd1 Nc6 13.g3 Nxd4 14.Bxd4 Bc6 
15.a4 Bxf3 16.Qxf3 Nd7 17.Ne4 Qc6 18.Bc3 e5 19.Nd2 Rfd8 20.Qxc6 bxc6 21.
Nc4 Nf6 22.Nxe5 Ne4 23.Nxc6 Nxc3 24.Nxe7+ Kf8 25.Re1 Re8 26.bxc3 Rxe7 27.
Rxe7 Kxe7 28.Rd1 Rc8 29.Rb1 Rxc3 30.Rb7+ Ke6 31.Rb6+ Ke5 32.Rxa6 Rxc2 33.
Ra7 Ke6 34.a5 g5 35.g4 Ra2 36.Kg2 Ra3 37.a6 f5 38.Rxh7 fxg4 39.Ra7 Kf6 40.
Ra8 Kf7 41.a7 Kg7 42.Kf1 Ra2 43.Ke1 Kh7 44.Kd1 Kg7 45.Kc1 Kh7 46.Kb1 Ra3 
47.Kb2 Ra4 48.Kb3 Ra1 49.Kc4 Kg7 50.Kd5 Ra6 51.Ke5 Ra5+ 52.Ke6 Ra2 53.Re8 
Ra6+ 54.Kf5 Rxa7 55.Kxg5 Ra2 56.Kxg4 Rxf2 57.h4 Rg2+ 58.Kh5 Kh7 59.Re5 Rg7
60.Re6 Rg1 61.Rf6 Rg2 1/2-1/2

[Event "29. Friedensfest-Open (AFRO-A)"]
[Site "Augsburg"]
[Date "2024.08.09"]
[Round "3.30"]
[White "Stempfle, Tobias"]
[Black "Wietschorke, Jens"]
[Result "1-0"]
[WhiteElo "1796"]
[BlackElo "1915"]
[EventDate "2024.08.08"]
[Time "09:30:00"]
[WhiteNrv "1796"]
[BlackNrv "1915"]
[WhiteTwz "1796"]
[BlackTwz "1915"]
[WhiteFideId "24698482"]
[BlackFideId "16296176"]
[WhiteNatFedId "10215172"]
[BlackNatFedId "10242290"]
[WhiteAttr "M"]
[BlackAttr "M"]
[WhiteTeam "SC Garching 1980 e.V."]
[BlackTeam "SK Caissa Augsburg"]
[PlyCount "0"]

1.d4 d5 2.c4 dxc4 3.e4 b5 4.a4 c6 5.axb5 cxb5 6.Nc3 a6 7.Nxb5 axb5 8.Rxa8 
Bb7 9.Ra2 e6 10.Nf3 Nf6 11.Be2 Bb4+ 12.Bd2 Bxd2+ 13.Qxd2 Nxe4 14.Qb4 Qd5 
15.Ra5 Nd6 16.Bxc4 Qxc4 17.Qxd6 Nc6 18.Ra1 Nb4 19.Ne5 Qxd4 20.Qb8+ Ke7 21.
Qxb7+ Kf6 22.Qxf7+ Kxe5 23.Qxg7+ Kd5 24.Qd7+ Ke5 25.Qg7+ Kd5 26.Qxd4+ Kxd4
27.Rd1+ Kc4 28.O-O Nd3 29.Rd2 e5 30.Rfd1 e4 31.f3 Ne5 32.fxe4 Re8 33.Rc1+ 
1-0

[Event "29. Friedensfest-Open (AFRO-A)"]
[Site "Augsburg"]
[Date "2024.08.09"]
[Round "3.31"]
[White "Pellegrini, Noah"]
[Black "Rempel, Alexander"]
[Result "1/2-1/2"]
[WhiteElo "1919"]
[BlackElo "1715"]
[EventDate "2024.08.08"]
[Time "09:30:00"]
[WhiteNrv "1919"]
[BlackNrv "1715"]
[WhiteTwz "1919"]
[BlackTwz "1715"]
[WhiteFideId "1354094"]
[BlackFideId "34618600"]
[BlackNatFedId "10586418"]
[WhiteAttr "M"]
[BlackAttr "M"]
[WhiteTeam "?"]
[BlackTeam "SF Augsburg"]
[PlyCount "0"]

1.e4 e5 2.Nf3 Nc6 3.Bc4 Nf6 4.d3 Be7 5.O-O O-O 6.c3 d6 7.Re1 Bg4 8.h3 Bh5 
9.Nbd2 Qd7 10.Nf1 Na5 11.Bb3 Nxb3 12.axb3 Rfe8 13.Ng3 Bxf3 14.Qxf3 Qe6 15.
c4 g6 16.Qe3 Nd7 17.b4 c6 18.Bd2 Bf8 19.Qg5 f6 20.Qg4 Kf7 21.Qxe6+ Kxe6 
22.Ne2 a6 23.g4 Rad8 24.f4 Kf7 25.f5 g5 26.Kg2 d5 27.Rad1 dxe4 28.dxe4 Nb6
29.c5 Na8 30.Be3 Nc7 31.Nc3 Be7 32.Kf2 Rxd1 33.Rxd1 Rd8 34.Ke2 Nb5 35.Rxd8
Bxd8 36.Kd3 Nxc3 37.bxc3 a5 38.Kc4 axb4 39.cxb4 Ke7 40.Bd2 Kd7 41.b5 Kc8 
42.Be1 h6 43.Bd2 Bc7 44.Kb4 Bd8 45.Ka4 Kb8 46.Ba5 Bxa5 47.Kxa5 Ka7 48.Ka4 
Kb8 49.Kb4 Ka8 50.Ka5 Ka7 51.Ka4 Kb8 52.Kb4 Ka8 1/2-1/2

[Event "29. Friedensfest-Open (AFRO-A)"]
[Site "Augsburg"]
[Date "2024.08.09"]
[Round "3.32"]
[White "Gleiser, Maximilian"]
[Black "Seisenberger, Georg"]
[Result "0-1"]
[WhiteElo "1854"]
[BlackElo "2031"]
[EventDate "2024.08.08"]
[Time "09:30:00"]
[WhiteNrv "1854"]
[BlackNrv "2031"]
[WhiteTwz "1854"]
[BlackTwz "2031"]
[WhiteFideId "533001596"]
[BlackFideId "12903574"]
[BlackNatFedId "10206064"]
[WhiteAttr "M"]
[BlackAttr "M"]
[WhiteTeam "?"]
[BlackTeam "SV Ilmmuenster"]
[PlyCount "0"]

1.e4 c5 2.Nf3 e6 3.d4 cxd4 4.Nxd4 Nc6 5.Nxc6 bxc6 6.Nc3 d5 7.e5 Ne7 8.f4 
Nf5 9.g3 Qb6 10.Bd3 Ba6 11.Bxf5 exf5 12.a3 Be7 13.b4 O-O 14.Na4 Qb5 15.c3 
Qc4 16.Qf3 Bb5 17.Nb2 Qb3 18.Rg1 d4 19.Nd1 a5 20.Rg2 axb4 21.Rb2 Qc4 22.
cxb4 Rfb8 23.Bd2 Rd8 24.Rc1 Qe6 25.Qb3 Qh6 26.h4 Qh5 27.Nf2 Qe2# 0-1

[Event "29. Friedensfest-Open (AFRO-A)"]
[Site "Augsburg"]
[Date "2024.08.09"]
[Round "3.33"]
[White "Sitzler, Matthias"]
[Black "Portnov, Dmitry"]
[Result "0-1"]
[WhiteElo "1838"]
[BlackElo "2011"]
[EventDate "2024.08.08"]
[Time "09:30:00"]
[WhiteNrv "1838"]
[BlackNrv "2011"]
[WhiteTwz "1838"]
[BlackTwz "2011"]
[WhiteFideId "12981079"]
[BlackFideId "34160086"]
[BlackNatFedId "10795839"]
[WhiteAttr "M"]
[BlackAttr "M"]
[WhiteTeam "vereinslos"]
[BlackTeam "SC Weisse Dame Ulm e.V."]
[PlyCount "0"]

1.d4 d5 2.Nf3 c5 3.e3 Nf6 4.a3 cxd4 5.exd4 Bg4 6.h3 Bf5 7.Bd3 Bxd3 8.Qxd3 
Nc6 9.Bf4 e6 10.Nbd2 Bd6 11.Bxd6 Qxd6 12.O-O O-O 13.Rfe1 Rac8 14.c3 b5 15.
Ne5 Rb8 16.b4 Qc7 17.Nxc6 Qxc6 18.Nb3 Ne4 19.Nc5 Nxc5 20.bxc5 Rfe8 21.Qg3 
Rb7 22.f4 f6 23.Re2 Rbe7 24.Qf2 e5 25.fxe5 fxe5 26.Rxe5 Rxe5 27.dxe5 Rc8 
28.Rd1 Qxc5 29.Rd3 a6 30.Qd4 Kf7 31.Kf1 Qc4 32.Kf2 Ke6 33.Ke3 Rc5 34.Kf3 
a5 35.Ke3 h6 36.Kf3 b4 37.axb4 axb4 38.cxb4 Qxd4 39.Rxd4 Rc3+ 40.Ke2 Kxe5 
41.Rg4 g5 42.Kd2 d4 43.h4 gxh4 44.Rxh4 Rg3 45.Rxh6 Rxg2+ 46.Kd3 Rg3+ 47.
Kd2 Ke4 48.Re6+ Kd5 49.Rh6 Kc4 50.Rh4 Rg2+ 51.Kd1 Kc3 52.Rh8 Rg1+ 53.Ke2 
d3+ 54.Kf2 d2 55.Rd8 d1=Q 0-1

[Event "29. Friedensfest-Open (AFRO-A)"]
[Site "Augsburg"]
[Date "2024.08.09"]
[Round "3.34"]
[White "Retzlaff, Nick"]
[Black "Koppen, Harald"]
[Result "0-1"]
[WhiteElo "1823"]
[BlackElo "1995"]
[EventDate "2024.08.08"]
[Time "09:30:00"]
[WhiteNrv "1823"]
[BlackNrv "1995"]
[WhiteTwz "1823"]
[BlackTwz "1995"]
[WhiteFideId "34610367"]
[BlackFideId "12946982"]
[WhiteNatFedId "10742725"]
[BlackNatFedId "10271200"]
[WhiteAttr "M"]
[BlackAttr "M"]
[WhiteTeam "SF 59 Kornwestheim"]
[BlackTeam "TUS Holzkirchen"]
[PlyCount "0"]

1.e4 e5 2.Nf3 Nc6 3.Bc4 Bc5 4.d3 Nf6 5.Bg5 h6 6.Bh4 g5 7.Bg3 d6 8.c3 Qe7 
9.h3 a6 10.b4 Bb6 11.a4 O-O 12.Nbd2 Kg7 13.Qb3 Rd8 14.O-O-O Nh5 15.Rhf1 f5
16.exf5 Bxf5 17.Ne4 Qd7 18.Bd5 Rf8 19.Nexg5 hxg5 20.Nxg5 Nxg3 21.Ne6+ Bxe6
22.Bxe6 Ne2+ 23.Kd2 Ned4 24.cxd4 Nxd4 25.Bxd7 Nxb3+ 26.Ke1 a5 27.Rb1 Nd4 
28.b5 Rf7 29.Bg4 Raf8 30.f3 Nc2+ 31.Kd2 Ne3 32.Rh1 Rf4 33.Ra1 Rb4 34.Rhb1 
Rxb1 35.Rxb1 Nxg2 36.Kc3 Rf4 37.Bc8 Bd4+ 38.Kc2 b6 39.Bg4 Bc5 40.Ra1 Kh6 
41.Kd2 Kg5 42.Ra2 Rd4 43.Kc1 Nf4 44.h4+ Kxh4 45.Rh2+ Kg3 46.Rh7 Nxd3+ 47.
Kb1 Rxa4 48.Rxc7 Rb4+ 49.Kc2 Ne1+ 50.Kc3 Bd4+ 51.Kd2 Nxf3+ 52.Bxf3 Kxf3 
53.Rc6 Bc5 54.Kc3 Rxb5 55.Kc2 a4 56.Rc8 a3 57.Kc1 a2 58.Kc2 a1=Q 59.Rf8+ 
Ke4 0-1

[Event "29. Friedensfest-Open (AFRO-A)"]
[Site "Augsburg"]
[Date "2024.08.09"]
[Round "3.35"]
[White "Nagy, Peter"]
[Black "Glaab, Nikolai"]
[Result "1/2-1/2"]
[WhiteElo "1814"]
[BlackElo "1959"]
[EventDate "2024.08.08"]
[Time "09:30:00"]
[WhiteNrv "1814"]
[BlackNrv "1959"]
[WhiteTwz "1814"]
[BlackTwz "1959"]
[WhiteFideId "34629211"]
[BlackFideId "34614311"]
[WhiteNatFedId "10793259"]
[BlackNatFedId "10743024"]
[WhiteAttr "M"]
[BlackAttr "M"]
[WhiteTeam "Rosenheimer-SV in der"]
[BlackTeam "SK Koenigsbrunn"]
[PlyCount "0"]

1.d4 d5 2.c4 e6 3.Nc3 a6 4.e3 Nf6 5.Nf3 Be7 6.cxd5 exd5 7.Bd3 O-O 8.O-O 
Bd6 9.h3 Re8 10.Qc2 h6 11.Bd2 Nbd7 12.Rfc1 c6 13.Na4 Ne4 14.Nc5 Ndxc5 15.
dxc5 Nxc5 16.Bh7+ Kh8 17.Nd4 Ne4 18.Bxe4 Rxe4 19.b4 Qg5 20.f4 Qg6 21.Kh1 
Bd7 22.a3 Rae8 23.Rf1 Bc7 24.Nf3 f6 25.Rae1 Qf7 26.Qd3 c5 27.Rg1 Bb5 28.
Qc3 cxb4 29.axb4 Bb6 30.Nd4 Bd7 31.Qb3 Bxd4 32.exd4 Rxd4 33.Rxe8+ Bxe8 34.
Qc3 Rc4 35.Qd3 Bc6 36.Rc1 Re4 37.Re1 Rxe1+ 38.Bxe1 Qe7 39.Bd2 d4 40.Kg1 
Qd7 41.Qg6 f5 42.Qg3 Qd5 43.Qf2 Kg8 44.Kh2 b6 45.Kg3 a5 46.bxa5 bxa5 47.
Kh2 a4 48.Bb4 d3 49.Qd2 Qb3 50.Bc3 a3 51.Qxd3 Qd5 52.Qxd5+ Bxd5 53.Kg3 Kf7
54.Kf2 g5 55.g3 Kg6 56.Bd4 Kh5 57.fxg5 hxg5 58.Bf6 Kg6 59.Bd4 f4 60.gxf4 
gxf4 61.Ke1 Kg5 62.Kd2 Kh4 63.Kc1 Be4 64.Kd2 Kxh3 65.Kc3 Bd5 66.Kb4 a2 67.
Ka3 f3 68.Kb2 Kg3 69.Ka1 Kf4 70.Bf2 Ke4 71.Ba7 1/2-1/2

[Event "29. Friedensfest-Open (AFRO-A)"]
[Site "Augsburg"]
[Date "2024.08.09"]
[Round "3.36"]
[White "Latka, Richard"]
[Black "Glasschroeder, Maximilian"]
[Result "1-0"]
[WhiteElo "1911"]
[BlackElo "1854"]
[EventDate "2024.08.08"]
[Time "09:30:00"]
[WhiteNrv "1911"]
[BlackNrv "1854"]
[WhiteTwz "1911"]
[BlackTwz "1854"]
[WhiteFideId "24690082"]
[BlackFideId "34652590"]
[WhiteNatFedId "10262408"]
[BlackNatFedId "10775164"]
[WhiteAttr "M"]
[BlackAttr "M"]
[WhiteTeam "fuss brothers Jena"]
[BlackTeam "SK Weilheim e.V."]
[PlyCount "0"]

1.e4 c5 2.Nf3 Nc6 3.Bb5 g6 4.d3 Bg7 5.O-O Nf6 6.Bxc6 dxc6 7.h3 Nd7 8.Nc3 
e5 9.Be3 b6 10.Qd2 h6 11.Nh2 Nf8 12.f4 exf4 13.Rxf4 Be6 14.Raf1 g5 15.R4f2
Qd6 16.a4 a5 17.Ng4 Nd7 18.e5 Bxe5 19.Ne4 Qc7 20.d4 cxd4 21.Bxd4 O-O-O 22.
Nxe5 Nxe5 23.Qc3 Rxd4 24.Qxd4 Rd8 25.Qc3 g4 26.h4 f5 27.Nd2 g3 28.Re2 Rxd2
29.Rxd2 Ng4 30.Re1 Bd7 31.Qh8+ Kb7 32.Re7 1-0

[Event "29. Friedensfest-Open (AFRO-A)"]
[Site "Augsburg"]
[Date "2024.08.09"]
[Round "3.37"]
[White "Fuertler, Oliver"]
[Black "Elsinga, Brian"]
[Result "1/2-1/2"]
[WhiteElo "1909"]
[BlackElo "1811"]
[EventDate "2024.08.08"]
[Time "09:30:00"]
[WhiteNrv "1909"]
[BlackNrv "1811"]
[WhiteTwz "1909"]
[BlackTwz "1811"]
[WhiteFideId "1682490"]
[BlackFideId "1089439"]
[WhiteAttr "M"]
[BlackAttr "M"]
[WhiteTeam "?"]
[BlackTeam "?"]
[PlyCount "0"]

1.e4 c5 2.Nf3 d6 3.d4 cxd4 4.Nxd4 Nf6 5.Nc3 g6 6.Be3 Bg7 7.f3 O-O 8.Qd2 
Nc6 9.O-O-O d5 10.Nxc6 bxc6 11.exd5 Nxd5 12.Nxd5 cxd5 13.Bh6 Bxh6 14.Qxh6 
e5 15.h4 f6 16.Bc4 Be6 17.f4 Qc7 18.Bb3 Rad8 19.h5 Qg7 20.hxg6 Qxg6 21.Qh4
Kh8 22.Rde1 e4 23.Re3 Bg8 24.Rg3 Qf5 25.Qh6 Rf7 26.Rh4 Qe6 27.Qh5 f5 28.
Qe2 Rg7 29.Rgh3 Qg6 30.g3 d4 31.Bxg8 Rdxg8 32.Qd1 Qd6 33.Qh1 Qd7 34.Qd1 
Rc8 35.Kb1 d3 36.cxd3 Qxd3+ 37.Qxd3 exd3 38.Rh1 d2 39.R4h2 Kg8 40.Rxd2 
Rxg3 41.Rd7 Rg7 42.Rhd1 Rxd7 43.Rxd7 Rc4 44.Rxa7 Rxf4 45.Ra3 Rf1+ 46.Kc2 
Rf2+ 47.Kc1 Rf1+ 48.Kd2 Rf2+ 49.Kc1 Rf1+ 1/2-1/2

[Event "29. Friedensfest-Open (AFRO-A)"]
[Site "Augsburg"]
[Date "2024.08.09"]
[Round "3.38"]
[White "Hollmann, Thomas"]
[Black "Bilous, Danylo"]
[Result "1-0"]
[WhiteElo "1903"]
[BlackElo "1797"]
[EventDate "2024.08.08"]
[Time "09:30:00"]
[WhiteNrv "1903"]
[BlackNrv "1797"]
[WhiteTwz "1903"]
[BlackTwz "1797"]
[WhiteFideId "12934097"]
[BlackFideId "34130004"]
[WhiteNatFedId "10257099"]
[BlackNatFedId "10754362"]
[WhiteAttr "M"]
[BlackAttr "M"]
[WhiteTeam "SG Buechenbach/Roth e.V."]
[BlackTeam "SG Buechenbach/Roth e.V."]
[PlyCount "0"]

1.e4 c5 2.Nf3 Nc6 3.d4 cxd4 4.Nxd4 g6 5.c4 Bg7 6.Be3 Nf6 7.Nc3 Nxd4 8.Bxd4
O-O 9.Be2 d6 10.O-O Nd7 11.Rc1 b6 12.Bg4 Bxd4 13.Qxd4 Nc5 14.Bxc8 Qxc8 15.
Nd5 Qb7 16.Rc3 a5 17.Re1 Rfe8 18.Rh3 Nd7 19.Ree3 Nf8 20.Rb3 Rac8 21.f4 Qc6
1-0

[Event "29. Friedensfest-Open (AFRO-A)"]
[Site "Augsburg"]
[Date "2024.08.09"]
[Round "3.39"]
[White "Tarasenko, Oleksii"]
[Black "Schaefer, Ann-Kathrin"]
[Result "1-0"]
[WhiteElo "1902"]
[BlackElo "1779"]
[EventDate "2024.08.08"]
[Time "09:30:00"]
[WhiteNrv "1902"]
[BlackNrv "1779"]
[WhiteTwz "1902"]
[BlackTwz "1779"]
[WhiteFideId "34662316"]
[BlackFideId "24615412"]
[WhiteNatFedId "10873809"]
[BlackNatFedId "10186026"]
[WhiteAttr "M"]
[BlackAttr "W"]
[WhiteTeam "SK Ingolstadt"]
[BlackTeam "SC JAeKLECHEMIE Talente Franken e"]
[PlyCount "0"]

1.d4 Nf6 2.c4 g6 3.f3 Bg7 4.e4 d6 5.Nc3 O-O 6.Be3 Nbd7 7.Qd2 c5 8.O-O-O 
cxd4 9.Bxd4 Qc7 10.Kb1 Nb6 11.Nd5 Nbxd5 12.cxd5 Bd7 13.Rc1 Qb8 14.g4 Rc8 
15.Rxc8+ Qxc8 16.h4 Qc7 17.Bd3 Rc8 18.Ne2 e5 19.dxe6 Bxe6 20.h5 gxh5 21.g5
Nd7 22.Bxg7 Kxg7 23.Rxh5 Kg8 24.Rh1 Ne5 25.f4 Nxd3 26.Qxd3 Qa5 27.b3 Bg4 
28.e5 Qb6 29.Qxh7+ Kf8 30.Qh8+ Ke7 31.Qf6+ Kd7 32.Qxf7+ Kc6 33.Rc1+ Kb5 
34.Rxc8 Bxc8 35.Qc4+ Ka5 36.Qa4# 1-0